MODERN DIGITAL ELECTRONICS (Record no. 28480)

MARC details
000 -LEADER
fixed length control field 00312nam a22001457a 4500
003 - CONTROL NUMBER IDENTIFIER
control field SGT
020 ## - INTERNATIONAL STANDARD BOOK NUMBER
International Standard Book Number 9789355321770
082 ## - DEWEY DECIMAL CLASSIFICATION NUMBER
Classification number 621.381,JAI
100 ## - MAIN ENTRY--PERSONAL NAME
Personal name JAIN,R.P.
245 ## - TITLE STATEMENT
Title MODERN DIGITAL ELECTRONICS
250 ## - EDITION STATEMENT
Edition statement 5TH ED
260 ## - PUBLICATION, DISTRIBUTION, ETC. (IMPRINT)
Place of publication, distribution, etc NEW DELHI
Name of publisher, distributor, etc MC GRAW HILL
Year of Publication 2023
300 ## - PAGE DESCRIPTION
No. of Pages 759
942 ## - ADDED ENTRY ELEMENTS (KOHA)
Source of classification or shelving scheme Dewey Decimal Classification
Koha item type Books
Holdings
Withdrawn status Lost status Source of classification or shelving scheme Damaged status Use restrictions Not for loan Collection code Home library Current library Shelving location Date acquired Vendor Name Cost, normal purchase price SGTU Bill Number Full call number Accession No. (Barcode) Date last seen Bill Date Koha item type Total Checkouts
    Dewey Decimal Classification   Restricted Access Not For Loan ENGINEERING SGT Engineering Library SGT Engineering Library Reference Book 26/12/2024 SAVERA BOOK DISTRIBUTORS 895.00 SGTU CRC/600 621.381,JAI FE9236 26/12/2024 09/11/2024 Books  
    Dewey Decimal Classification       ENGINEERING SGT Engineering Library SGT Engineering Library Text Book 26/12/2024 SAVERA BOOK DISTRIBUTORS 895.00 SGTU CRC/600 621.381,JAI FE9237 26/12/2024 09/11/2024 Books  
    Dewey Decimal Classification       ENGINEERING SGT Engineering Library SGT Engineering Library Text Book 26/12/2024 SAVERA BOOK DISTRIBUTORS 895.00 SGTU CRC/600 621.381,JAI FE9238 26/12/2024 09/11/2024 Books  
    Dewey Decimal Classification       ENGINEERING SGT Engineering Library SGT Engineering Library Text Book 26/12/2024 SAVERA BOOK DISTRIBUTORS 895.00 SGTU CRC/600 621.381,JAI FE9239 26/12/2024 09/11/2024 Books  
    Dewey Decimal Classification       ENGINEERING SGT Engineering Library SGT Engineering Library Text Book 26/12/2024 SAVERA BOOK DISTRIBUTORS 895.00 SGTU CRC/600 621.381,JAI FE9240 26/12/2024 09/11/2024 Books